000 01073cad a22002655a 4500
001 E151817
008 101213s2010 xxk f 100 0 eng d
020 _a9781842196199
035 _a(Sirsi) u151817
041 0 _aeng
100 1 _aOzumba, A. O. U.
111 2 _aConstruction and Building Research Conference
_cDauphine Universite, Paris
_d2-3 September 2010
245 0 0 _aGender related policies, legislation, interventions, and women employment in the South African construction industry
_h[electronic resource]
260 _aLondon
_bRICS
_c2010
520 _aA paper presented at the COBRA Conference in Paris on 2-3 September 2010.
590 _aKA
650 2 4 _aCONSTRUCTION AND BUILDING RESEARCH CONFERENCE (COBRA)
651 4 _aSouth Africa
690 _aMANAGEMENT-BUSINESS MANAGEMENT-DISCRIMINATION-GENDER DISCRIMINATION
700 1 _aOzumba, C. O. I.
700 1 _aThwala, B.
700 1 _aShakantu, W. M.
856 4 0 _uhttps://www.rics.org/site/scripts/download_info.aspx?fileID=8109&categoryID=720
_zBroken link - not available
942 _n0
999 _c111644
_d111644